000 01229naa a22003257a 4500
001 BR9700632
003 BR-BrBNA
005 20240918181842.0
007 ta
008 230509b bl.||||| |||| 00| 0 por d
040 _aBR-BrBNA
_bpor
_cBiblioteca Nacional de Agricultura
041 _a(Pt)
072 _aE50
090 _aE50 BR9700632
100 1 _aCarvalho, I. de
100 1 _aAntonini, I.C.
100 1 _aSimon, E.J.
111 1 _a12. Encontro do PIPSA
_cCampinas, SP (Brazil)
_d6-9 Apr 1987
245 1 _aDuas propostas de pesquisa e trabalho (nas areas de assentamento de trabalhadores rurais no Estado de Sao Paulo)
260 3 _aBotucatu, SP (Brasil):
_c1988.
500 _aProjeto de Intercambio de Pesquisa Social em Agricultura. Anais do 12. Encontro do PIPSA Botucatu, SP (Brasil): 1988. v. 4 p. 1694-1708 (BR9700632-AM)E50
650 _aTrabalho
650 _aAssentamento
650 _aTrabalhador Rural
650 _aSao Paulo
650 _aReforma Agraria
773 0 _tProjeto de Intercambio de Pesquisa Social em Agricultura. Anais do 12. Encontro do PIPSA
_wE50 BR9700632
_gBotucatu, SP (Brasil), 1988. v. 4 p. 1694-1708
909 _a202404
_bLucia
_c55
_dLucia Elande
942 _cAM
_2AGRIS
999 _c327162
_d327162